Normal view
MARC view
- Gaikwad, Jyoti Kiran
Entry Personal Name
001 - CONTROL NUMBER
- control field: 204441
003 - CONTROL NUMBER IDENTIFIER
- control field: OSt
005 - DATE AND TIME OF LATEST TRANSACTION
- control field: 20230824151807.0
008 - FIXED-LENGTH DATA ELEMENTS
- fixed length control field: 230824|| aca||aabn | a|a d
040 ## - CATALOGING SOURCE
- Original cataloging agency: OSt
- Transcribing agency: OSt
100 ## - HEADING--PERSONAL NAME
- Personal name: Gaikwad, Jyoti Kiran
670 ## - SOURCE DATA FOUND
- Source citation: Work cat.: (OSt)355907: Gaikwad, Jyoti Kiran, OSCEs & OSPEs Guide For Clinical Nursing Foundation Skills (As per new INC revised B.Sc. Nursing Syllabus), 2023